A filozófia közönsége

Elmentve itt :
Bibliográfiai részletek
Szerző: Cavell Stanley
További közreműködők: Beck András
Dokumentumtípus: Cikk
Megjelent: Pompeji Alapítvány Szeged 1994
Sorozat:Pompeji
Kulcsszavak:Filozófia
Tárgyszavak:
Online Access:http://acta.bibl.u-szeged.hu/9196
LEADER 00710nab a2200217 i 4500
001 acta9196
005 20250520130811.0
008 161015s1994 hu o 000 hun d
022 |a 0865-5553 
040 |a SZTE Egyetemi Kiadványok Repozitórium  |b hun 
041 |a hun 
100 1 |a Cavell Stanley 
245 1 2 |a A filozófia közönsége  |h [elektronikus dokumentum] /  |c  Cavell Stanley 
260 |a Pompeji Alapítvány  |b Szeged  |c 1994 
300 |a 116-128 
490 0 |a Pompeji 
650 4 |a Bölcsészettudományok 
650 4 |a Filozófia, etika és vallástudományok 
695 |a Filozófia 
700 0 1 |a Beck András 
856 4 0 |u http://acta.bibl.u-szeged.hu/9196/1/pompeji_1994_003_116-128.pdf  |z Dokumentum-elérés